000 00430nam a2200145Ia 4500
008 230917s9999||||xx |||||||||||||| ||und||
040 _e136394
_aMAIN
041 _aEnglish
082 _a030.954 I2I(1991)
100 _aIndia, Ministry of Information and Broadcasting
245 0 _aIndia 1991: A reference annual
260 _aNew Delhi
_bIndia, Ministry of Information and Broadcasting
_c1991
300 _a1084 p.
942 _cBK
999 _c64233
_d64233